000 01065 a2200169 4500
003 NUST
005 20230130161117.0
040 _cNust
082 _a920,WOO
100 _aWashington , george
_9108117
245 _aA Candid Revealing Biography of George Washington /
_cBy W .E Woodward
260 _aGreenWood
_bA Primier Book
300 _a296:p.
505 _aThe Centeel Washington’s (Page-7), The Sense of Numbers (Page-13), Love and the Fairfaxes (Page-19), Raw Pride of Youth (Page-34), The Confident General Braddock (Page-45), The Objective Life (Page-53), The Colonial People (Page-77), Puritan and Other Morals (Page-86), Strom Genters (Page-105), The Wrath of Merchants (Page-115), The Iron Fisted Patriots (Page-124), Tar and Feathers (Page-146), The People Revolutions (Page-159), Thomas Paine and Thomas (Page-171), Washing Luck (Page-195), Washington and the Poltters (Page-207), Act Two (Page-234), Washington as Grand (Page-249), Dust and Ashes (Page-292).
650 _a George Washington
_9108118
942 _2ddc
_cBK
_k920,WOO
999 _c187178
_d187178